000 01169nam a2200313 ia4500
003 OSt
005 20260210102327.0
008 260210t20252025nyuao br 000 0 eng
020 _a9781510582132
_cRM 137.50
_qhardback
040 _aPPAK
_beng
_cPPAK
_erda
082 0 0 _223
_a005.8
090 0 4 _a005.8
_bHOL
_dK
100 1 _aHolmes, Kirsty,
_eauthor.
245 1 0 _aHacking /
_cKirsty Holmes and Priyanka Das.
264 1 _aNew York, NY :
_bLightbox Learning Inc.,
_c[2025]
264 4 _c©2025
300 _a24 pages :
_bcolour photographs ;
_c23 x 25 cm
336 _atext
_2rdacontent
336 _astill image
_2rdacontent
337 _aunmediated
_2rdamedia
338 _avolume
_2rdacarrier
490 1 _aComputer Science ;
_v101
500 _a"AV2." CODE ON PAGE 2 --Cover
520 _aDid you know that anyone who sabotages computers is called a hacker? Hackers might try to get into a computer to steal information. Find out more in Hacking, one of the titles in Computer Science 101
650 1 0 _aHacking
_vJuvenile literature
700 1 _aDas, Priyanka,
_eauthor.
830 0 _aComputer science ;
_v101
942 _2ddc
_cB
999 _c202991
_d202991